| 000 -LEADER |
| fixed length control field |
00608nam a22002177a 4500 |
| 008 - FIXED-LENGTH DATA ELEMENTS--GENERAL INFORMATION |
| fixed length control field |
151007b xxu||||| |||| 00| 0 eng d |
| 020 ## - INTERNATIONAL STANDARD BOOK NUMBER |
| International Standard Book Number |
0070293384 |
| 041 0# - LANGUAGE CODE |
| Language code of text/sound track or separate title |
eng |
| 080 ## - UNIVERSAL DECIMAL CLASSIFICATION NUMBER |
| Universal Decimal Classification number |
159.9 |
| 100 1# - Rafti |
| Rafti |
Hoffman, Lois Norma Wladis, |
| 245 10 - TITLE STATEMENT |
| Title |
Developmental psychology today / |
| Statement of responsibility, etc |
Lois Hoffman, Scott Paris, Elizabeth Hall. |
| 250 ## - |
| -- |
6th ed. |
| 260 ## - |
| -- |
New York : |
| -- |
McGraw-Hill, |
| -- |
1994. |
| 300 ## - |
| -- |
xix, 652 f. : |
| -- |
me il.; |
| -- |
29 cm. |
| 650 #0 - |
| -- |
Zhvillimi |
| 650 #0 - |
| -- |
Psikologji |
| 700 1# - |
| -- |
Paris, Scott G., |
| 700 1# - |
| -- |
Hall, Elizabeth, |
| 700 1# - |
| -- |
Schell, Robert E. |
| 942 ## - ADDED ENTRY ELEMENTS (KOHA) |
| Source of classification or shelving scheme |
|
| Item type |
Books |